| 000 | 03173cam a22004214a 4500 | ||
|---|---|---|---|
| 999 |
_c531661 _d531661 |
||
| 001 | 13486796 | ||
| 003 | NUST | ||
| 005 | 20191023110319.0 | ||
| 008 | 040210s2004 enka b 001 0 eng | ||
| 010 | _a 2004002463 | ||
| 020 | _a1844070867 (alk. paper) | ||
| 038 | _aMSOHAIL | ||
| 040 |
_aDLC _cDLC _dDLC |
||
| 042 | _apcc | ||
| 043 | _aa-cc--- | ||
| 050 | 0 | 0 |
_aHC430.E44 _bC66 2004 |
| 082 | 0 | 0 |
_a307.14120951 _222 |
| 245 | 0 | 0 |
_aCommunity participation in China : _bissues and processes for capacity building / _cedited by Janelle Plummer and John G. Taylor. |
| 260 |
_aLondon ; _aSterling, VA : _bEarthscan, _c2004. |
||
| 300 |
_axxv, 358 p. : _bill. ; _c24 cm. |
||
| 500 | _a"Research for DFID, Department for International Development." | ||
| 500 | _a"G H K." | ||
| 504 | _aIncludes bibliographical references (p. [345]-349) and index. | ||
| 505 | 0 | _aIntroduction / Janelle Plummer -- Understanding community participation in China -- The context of community participation in China / John G. Taylor -- The characteristics of community participation in China / Janelle Plummer and John G. Taylor -- Key factors and processes affecting participation / Janelle Plummer and John G. Taylor -- The experience of community participation in China : the case studies -- Enhancing community participation : participatory forestry management in China / Liu Jinlong, Wu Junqi, Yuan Juanwen, and Zhou Pidong -- Building capacity within communities : participatory natural resource management in Southwest China / Ren Xiaodong, Zhao Yaqiao, Su Yufang, and Xu Wei -- Building government capacity : the collaborative Hengxian integrated approach to rural reconstruction / Zhang Lanying -- Participatory resettlement : key issues and processes in the cases of Xiaolongdi and Hexi / Chen Shaojun, Shi Guoqing, Zhu Wenlong and Xu Jiajun -- Participatory irrigation management : promoting community-based water user associations in the Piyuan canal rehabilitation project / Li Ou, Tim Zachernuk and Han Yong -- Towards sustainable village poverty reduction : the development of the county poverty alleviation planning (CPAP) approach / Li Xiaoyun and Joe Remenyi -- Capacity building for enhancing community participation -- Enhancing local government capacity for community participation / Janelle Plummer and Joe Remenyi. | |
| 650 | 0 |
_aEconomic development projects _zChina _xCitizen participation. _924590 |
|
| 650 | 0 |
_aRural development _zChina _xCitizen participation. _924591 |
|
| 650 | 0 |
_aCommunity organization _zChina. _924592 |
|
| 650 | 0 |
_aCommunity development _zChina. _924593 |
|
| 650 | 0 |
_aLocal government _zChina. _924594 |
|
| 700 | 1 |
_aPlummer, Janelle. _924595 |
|
| 700 | 1 |
_aTaylor, John G., _d1947- _924596 |
|
| 710 | 1 |
_aGreat Britain. _bDepartment for International Development. _924597 |
|
| 710 | 2 |
_aGHK Consulting. _924598 |
|
| 856 | 4 | 1 |
_3Table of contents _uhttp://www.loc.gov/catdir/toc/ecip0414/2004002463.html |
| 906 |
_a7 _bcbc _corignew _d1 _eecip _f20 _gy-gencatlg |
||
| 942 |
_2ddc _cBK |
||